| 000 | 01071nam a22003377a 4500 | ||
|---|---|---|---|
| 001 | 000099862 | ||
| 003 | CHAP | ||
| 005 | 20220329143423.0 | ||
| 008 | 090608s2005 us r 00010 spa d | ||
| 010 | _a96326 | ||
| 011 | _a97298 | ||
| 035 | _a107962 | ||
| 040 | _cCHAP | ||
| 082 | 0 | 4 |
_a333.7517 _bN17 |
| 100 | 0 | 0 |
_aNascimento, José Rente. _980261 |
| 245 | 1 | 0 |
_aForest vocation lands and forest policy : _bwhen simpler is better / _c/by José Rente Nascimento. |
| 260 |
_aWashington, D.C. : _bInter American Development Bank, _c2005. |
||
| 300 | _a58 p. | ||
| 590 |
_aBATCH-UPD _b10 _c20130110 _lUCH01 _h0403 |
||
| 590 |
_aBATCH-UPD _b10 _c20130110 _lUCH01 _h1919 |
||
| 590 |
_aBATCH-UPD _b10 _c20130410 _lUCH01 _h0036 |
||
| 590 |
_aBATCH-UPD _b10 _c20130914 _lUCH01 _h0724 |
||
| 590 |
_aCONVERSION _b10 _c20130109 _lUCH01 _h1353 |
||
| 590 |
_aE11695DGD _b10 _c20150602 _lUCH01 _h1113 |
||
| 650 | 1 | 4 |
_aBosques _xAspectos económicos. _914058 |
| 650 | 1 | 4 |
_aPolítica forestal. _990563 |
| 650 | 1 | 4 |
_aSuelos forestales. _9110548 |
| 901 | _aBK | ||
| 942 | _cLIBRO | ||
| 942 | _n0 | ||
| 999 |
_c96326 _d96326 |
||